Statistics for Gone Too Soon

Click here to take the quiz!

General Stats

  • This quiz has been taken 38 times
  • The average score is 10 of 16

Answer Stats

bornsongdieddeath by...Performer% Correct
1946We Will Rock You1991Bronchopneumonia as a complication of AIDSFreddie Mercury
94%
1963I Wanna Dance With Somebody2012Drowning due to coronary artery disease and cocaine intoxicationWhitney Houston
94%
1940Imagine1980MurderJohn Lennon
91%
1958Man in the Mirror2009Cardiac arrest induced by acute propofol and benzodiazepine intoxicationMichael Jackson
91%
1935Suspicious Minds1977Heart attackElvis Presley
80%
1983Back to Black2011Alcohol poisoningAmy Winehouse
71%
1967Come As You Are1994SuicideKurt Cobain
71%
1939Sexual Healing1984MurderMarvin Gaye
71%
1943Me and Bobby McGee1970Heroin overdoseJanis Joplin
60%
1943Riders on the Storm1971Heart FailureJim Morrison
51%
1941Dock of the Bay1967Plane CrashOtis Redding
51%
1971Dear Mama1996Murder2 Pac
43%
1958I Wanna Be Your Lover2016Accidental overdose of fentanylPrince
43%
1945Redemption Song1981CancerBob Marley
40%
1931You Send Me1964Gun ShotSam Cooke
20%
1985Racks In The Middle2019MurderNipsey Hussle
14%

Score Distribution

Percentile by Number Answered

Percent of People with Each Score

Your Score History

You have not taken this quiz